| 000 | 00817nam a2200253Ia 4500 | ||
|---|---|---|---|
| 003 | OSt | ||
| 005 | 20221005113316.0 | ||
| 006 | a|||||r|||| 00| 0 | ||
| 007 | ta | ||
| 008 | 221004b |||||||| |||| 00| 0 pan d | ||
| 020 | _c400 | ||
| 024 | _a5513 | ||
| 037 |
_b650, 14/06/2013, H.K. Prakashan _cTextual |
||
| 040 |
_aCRL _cCRL _bpan |
||
| 041 |
_2pan _apan |
||
| 082 | _aP153:4k, P5 | ||
| 100 | _aਹਰਦੇਵ ਬਾਹਰੀ | ||
| 245 | 0 | _aਲਹਿੰਦੀ ਕੋF | |
| 260 |
_aਪਟਿਆਲਾ _bਪੰਜਾਬੀ ਯੂਨੀਵਰਸਿਟੀ ਭਾਰਤ _c2005 |
||
| 300 |
_a675ਪੰ _ccm. |
||
| 650 | _aਪੰਜਾਬੀ ਭਾFਾ | ||
| 942 |
_hP153:4k, P5 _cTEXL _2cc |
||
| 999 |
_c1027744 _d1027744 |
||